[Event "Kreuzberg2006"]
[Site "?"]
[Date "2006.07.15"]
[Round "8"]
[White "Gremm, Albert Juergen"]
[Black "Shapiro, Yosip"]
[Result "0-1"]
[WhiteElo "1980"]
[BlackElo "2131"]
[PlyCount "108"]

1. d4 d5 2. Nc3 Nf6 3. Bg5 e6 4. e3 Bb4 5. Nf3 Nbd7 6. Bd3 c5 7. O-O c4 8. Be2
Bxc3 9. bxc3 Qa5 10. Bxf6 Nxf6 11. Qe1 Ne4 12. Nd2 Nxc3 13. Bxc4 dxc4 14. Ne4
O-O 15. Nxc3 Bd7 16. Rb1 Bc6 17. e4 Rad8 18. d5 exd5 19. exd5 Rfe8 20. dxc6
Rxe1 21. Rfxe1 bxc6 22. Re3 h6 23. h3 Rd2 24. Ne4 Rxc2 25. Nf6+ gxf6 26. Rb8+
Kg7 27. Rg3+ Qg5 28. Rc8 Rc1+ 29. Kh2 c3 30. Rxc6 c2 31. h4 Qxg3+ 32. Kxg3 Kg6
33. Kf3 h5 34. g3 a5 35. Ke2 Kf5 36. f3 Ke5 37. Kd2 Rg1 38. Kxc2 Rxg3 39. Rc5+
Kd4 40. Rxh5 Rxf3 41. Rxa5 f5 42. h5 Rf2+ 43. Kb3 f4 44. a4 Ke4 45. Ra7 f5 46.
Kc4 Rc2+ 47. Kb3 Rh2 48. Re7+ Kd4 49. a5 f3 50. a6 Rxh5 51. a7 Rh8 52. Rd7+ Ke3
53. Re7+ Kf4 54. Rb7 Ra8 0-1

[Event "Kreuzberg2006"]
[Site "?"]
[Date "2006.07.15"]
[Round "8"]
[White "Ma, Beini"]
[Black "Albinus, Dr. Guenther"]
[Result "1/2-1/2"]
[WhiteElo "1985"]
[BlackElo "2093"]
[PlyCount "53"]

1. e4 e5 2. Nf3 Nc6 3. Bb5 a6 4. Ba4 Nf6 5. O-O Be7 6. Re1 b5 7. Bb3 O-O 8. c3
d6 9. h3 Na5 10. Bc2 c5 11. d4 Qc7 12. Nbd2 Bd7 13. Nf1 Rfc8 14. Ne3 Bf8 15. g4
Ra7 16. Re2 Re8 17. Nf5 Nc6 18. d5 Ne7 19. Bg5 Nxf5 20. gxf5 Nh5 21. Kh2 Be7
22. Qg1 Qd8 23. Be3 Ra8 24. Qd1 Bf6 25. Re1 g6 26. Rg1 Ng7 27. fxg6 1/2-1/2

[Event "Kreuzberg2006"]
[Site "?"]
[Date "2006.07.15"]
[Round "8"]
[White "Friedrich, Wiede"]
[Black "Burger, Heinrich"]
[Result "0-1"]
[WhiteElo "1933"]
[BlackElo "2084"]
[PlyCount "86"]

1. e4 g6 2. d4 c6 3. Nf3 Bg7 4. c4 d6 5. Nc3 Bg4 6. Be2 Nd7 7. O-O Qc7 8. h3
Bxf3 9. Bxf3 e5 10. d5 c5 11. Nb5 Qb8 12. Bg4 Ngf6 13. Bxd7+ Nxd7 14. a4 a6 15.
Nc3 O-O 16. Be3 f5 17. f3 f4 18. Bd2 Bf6 19. Kf2 Bh4+ 20. Ke2 Nf6 21. Be1 Bxe1
22. Kxe1 b6 23. Kf2 Rf7 24. Qd3 g5 25. Rfb1 a5 26. Ke2 h5 27. Qd2 Rg7 28. Kd3
Raa7 29. Qf2 Rg6 30. Ne2 g4 31. Rg1 Rag7 32. b3 Kf7 33. Rac1 Qg8 34. Rcf1 gxf3
35. gxf3 Rg2 36. Rxg2 Rxg2 37. Qh4 Qg6 38. Re1 Kg7 39. Rf1 Kf7 40. Re1 Rg5 41.
Qf2 h4 42. Rg1 Rg3 43. Qf1 Qxe4+ 0-1

[Event "Kreuzberg2006"]
[Site "?"]
[Date "2006.07.16"]
[Round "9"]
[White "Mattick, Lutz"]
[Black "Schlemermeyer, Wilhelm"]
[Result "1-0"]
[WhiteElo "2278"]
[BlackElo "2333"]
[PlyCount "133"]

1. d4 g6 2. c4 Bg7 3. Nc3 d6 4. e4 Nf6 5. Nf3 O-O 6. Be3 Na6 7. Be2 e5 8. d5
Ng4 9. Bg5 f6 10. Bh4 h5 11. Nd2 c5 12. h3 Nh6 13. g4 g5 14. Bg3 h4 15. Bh2 Nf7
16. a3 Nh8 17. f3 Ng6 18. Bg1 Rf7 19. Nf1 Bf8 20. Ne3 Be7 21. Bf1 Qf8 22. Rh2
Bd8 23. Nc2 Bb6 24. Be3 Qd8 25. Rb1 Bd7 26. Rd2 Rc8 27. Qe2 Be8 28. Qf2 Rfc7
29. Rdd1 Re7 30. Qd2 Nf4 31. Kf2 Nb8 32. Kg1 Ng6 33. Qf2 Nf4 34. Kh2 Ng6 35.
Rdc1 a6 36. Bd2 Ba7 37. Ne3 Rec7 38. Nf5 Ne7 39. Be3 a5 40. Bd3 Na6 41. Qd2 Bb8
42. Bc2 Nxf5 43. exf5 Rg7 44. Ne4 Bc7 45. Bd3 Qe7 46. Qe1 Bd8 47. Bd2 a4 48.
Qe2 b6 49. Kg2 Nc7 50. Nc3 Kf8 51. Re1 Rb8 52. b3 axb3 53. Rxb3 Bd7 54. a4 Na6
55. Ne4 Ra8 56. Ra1 Be8 57. a5 bxa5 58. Bxa5 Nb4 59. Bxd8 Qxd8 60. Rxa8 Qxa8
61. Nxf6 Ra7 62. Rb2 Qd8 63. Ne4 Ra1 64. Bb1 Bf7 65. Qd2 Qa8 66. Nxg5 e4 67.
Nxe4 1-0

[Event "Kreuzberg2006"]
[Site "?"]
[Date "2006.07.16"]
[Round "9"]
[White "Kauschmann, Herbert"]
[Black "Richter, Michael"]
[Result "0-1"]
[WhiteElo "2178"]
[BlackElo "2389"]
[PlyCount "72"]

1. e4 c5 2. Nf3 e6 3. c3 d5 4. e5 d4 5. cxd4 cxd4 6. Bb5+ Bd7 7. Qb3 Nc6 8. O-O
Nge7 9. d3 Ng6 10. Bg5 f6 11. exf6 gxf6 12. Bd2 Bc5 13. Bxc6 bxc6 14. Qc4 Qe7
15. Rc1 Bb6 16. Nxd4 Ne5 17. Qc3 Rg8 18. Be3 Qg7 19. g3 Qg4 20. Nd2 c5 21. Nc2
Bc6 22. Ne1 Qh3 23. Ne4 O-O-O 24. Bxc5 Rxd3 25. Qc2 Bc7 26. Qe2 Rg4 27. f3 Rxf3
28. Qa6+ Kd8 29. Rd1+ Bd5 30. Rxd5+ exd5 31. Rd1 Rxe4 32. Rxd5+ Ke8 33. Rxe5+
Rxe5 34. Nxf3 Rxc5 35. Qxf6 Rc1+ 36. Kf2 Bb6+ 0-1

[Event "Kreuzberg2006"]
[Site "?"]
[Date "2006.07.16"]
[Round "9"]
[White "Kohler, Thomas"]
[Black "Schmidt-Schaeffer, Sebastian"]
[Result "0-1"]
[WhiteElo "2245"]
[BlackElo "2370"]
[PlyCount "48"]

1. c4 e5 2. Nc3 Nc6 3. g3 f5 4. Bg2 Nf6 5. d3 Bb4 6. Bd2 O-O 7. Nd5 Bxd2+ 8.
Qxd2 Ne7 9. Nxf6+ Rxf6 10. Nf3 d6 11. c5 Bd7 12. cxd6 cxd6 13. O-O Bc6 14. Qc3
f4 15. Ng5 Bxg2 16. Kxg2 Qd7 17. Rac1 Nc6 18. Nf3 Raf8 19. b4 Rh6 20. h4 Qg4
21. Qc4+ Kh8 22. Ng5 Rxh4 23. Nf7+ Rxf7 24. Qxf7 f3+ 0-1

[Event "Kreuzberg2006"]
[Site "?"]
[Date "2006.07.16"]
[Round "9"]
[White "Haemmerlein, Thomas"]
[Black "Schulz, Michael"]
[Result "0-1"]
[WhiteElo "2195"]
[BlackElo "2252"]
[PlyCount "58"]

1. d4 Nf6 2. Nf3 c5 3. e3 g6 4. c4 Bg7 5. Nbd2 O-O 6. Be2 d6 7. O-O Nc6 8. b3
e5 9. dxe5 dxe5 10. Bb2 Re8 11. Rc1 Bf5 12. Nb1 Qe7 13. a3 Rad8 14. Qe1 e4 15.
Nfd2 Ne5 16. Bxe5 Qxe5 17. Nc3 h5 18. Ndb1 Bg4 19. Rd1 Bf8 20. Bxg4 hxg4 21.
Ne2 Bd6 22. Ng3 Qg5 23. Nc3 Qh4 24. f3 exf3 25. Rd2 Be5 26. Nd5 Ne4 27. Ne7+
Qxe7 28. Nxe4 Rxd2 29. Nxd2 Bc3 0-1

[Event "Kreuzberg2006"]
[Site "?"]
[Date "2006.07.16"]
[Round "9"]
[White "Lueders, Gerhard"]
[Black "Niehaus, Frank"]
[Result "1-0"]
[WhiteElo "2243"]
[BlackElo "2204"]
[PlyCount "83"]

1. e4 c5 2. Nf3 d6 3. d4 cxd4 4. Nxd4 Nf6 5. Nc3 g6 6. Be3 Bg7 7. f3 O-O 8. Qd2
Nc6 9. O-O-O d5 10. Nxc6 bxc6 11. exd5 Nxd5 12. Nxd5 cxd5 13. Qxd5 Qc7 14. Qc5
Qb7 15. Qa3 Rb8 16. Bd4 e5 17. Bc3 Be6 18. Ba6 Qb6 19. Kb1 Rfe8 20. Qd6 Qe3 21.
Rd3 Qf2 22. Rd2 Qh4 23. Qc6 Rf8 24. Qe4 Qf6 25. Qa4 Rb6 26. Bc4 Bxc4 27. Qxc4
Rfb8 28. b3 Rc6 29. Qd3 a5 30. Bb2 a4 31. Qe4 axb3 32. axb3 Qe6 33. Rhd1 Re8
34. Rd8 Rc8 35. R8d7 Qf5 36. Qxf5 gxf5 37. c4 e4 38. fxe4 fxe4 39. Bxg7 Kxg7
40. Rf1 Rf8 41. Re7 Rce8 42. Rfxf7+ 1-0

[Event "Kreuzberg2006"]
[Site "?"]
[Date "2006.07.16"]
[Round "9"]
[White "Neerforth, Philipp"]
[Black "Waldmann, Hans-Joachim"]
[Result "0-1"]
[WhiteElo "2221"]
[BlackElo "2329"]
[PlyCount "62"]

1. Nf3 c5 2. c4 g6 3. e4 Bg7 4. d4 Na6 5. Nc3 d6 6. Be2 Nf6 7. O-O O-O 8. d5
Nc7 9. Ne1 a6 10. a4 b6 11. f4 Bb7 12. g4 b5 13. g5 Nfe8 14. Nf3 e6 15. Be3 b4
16. Nb1 f5 17. gxf6 Nxf6 18. Qc2 exd5 19. exd5 Qe7 20. Bc1 Nh5 21. Ng5 Nxf4 22.
Bxf4 Rxf4 23. Rxf4 Qe3+ 24. Rf2 Bd4 25. Ne4 Rf8 26. Bg4 Rf4 27. Kf1 Rxe4 28.
Bf3 Rf4 29. Qe2 Qxe2+ 30. Kxe2 Bxf2 31. Kxf2 Rxc4 0-1

[Event "Kreuzberg2006"]
[Site "?"]
[Date "2006.07.16"]
[Round "9"]
[White "Belostotska, Julia"]
[Black "Albrecht, Rainer"]
[Result "1/2-1/2"]
[WhiteElo "2076"]
[BlackElo "2256"]
[PlyCount "44"]

1. e4 e6 2. d4 d5 3. Nc3 Bb4 4. e5 c5 5. a3 Bxc3+ 6. bxc3 Qa5 7. Bd2 Qa4 8. Qg4
Kf8 9. Qd1 b6 10. h4 Ne7 11. Nf3 Ba6 12. Bxa6 Qxa6 13. h5 h6 14. Rh4 cxd4 15.
cxd4 Nbc6 16. Rf4 Rc8 17. g4 Ke8 18. Nh4 Qc4 19. c3 Nd8 20. Rf3 Nec6 21. Bf4
Kd7 22. Qe2 Qa4 {(=)} 1/2-1/2

[Event "Kreuzberg2006"]
[Site "?"]
[Date "2006.07.16"]
[Round "9"]
[White "Cusnariov, Nikolai"]
[Black "Hahlbohm, Matthias"]
[Result "1-0"]
[WhiteElo "2147"]
[BlackElo "2114"]
[PlyCount "77"]

1. e4 c5 2. Nc3 e5 3. g3 Nc6 4. d3 d6 5. Bg2 Be6 6. Nf3 f6 7. O-O Qd7 8. Nd5
O-O-O 9. c3 Bh3 10. b4 Bxg2 11. Kxg2 g5 12. h4 h6 13. Rh1 Rh7 14. Be3 Rf7 15.
hxg5 fxg5 16. b5 Nce7 17. Nxe7+ Qxe7 18. c4 Kb8 19. a4 Bg7 20. Nh2 Nf6 21. Ng4
Rh8 22. a5 Qe6 23. Nxf6 Qxf6 24. a6 b6 25. Qg4 Qg6 26. Raf1 Rhf8 27. f4 exf4
28. gxf4 Qf6 29. e5 dxe5 30. fxg5 Qg6 31. Rxf7 Rxf7 32. Qe4 Qxe4+ 33. dxe4 hxg5
34. Bxg5 Bf8 35. Rf1 Rxf1 36. Kxf1 Kc7 37. Ke2 Kd7 38. Kf3 Ke6 39. Bd8 1-0

[Event "Kreuzberg2006"]
[Site "?"]
[Date "2006.07.16"]
[Round "9"]
[White "Shapiro, Yosip"]
[Black "Burger, Heinrich"]
[Result "1-0"]
[WhiteElo "2131"]
[BlackElo "2084"]
[PlyCount "105"]

1. Nf3 d5 2. d4 Bg4 3. Ne5 Bf5 4. c4 f6 5. Nf3 e6 6. Qb3 Nc6 7. e3 Nb4 8. Na3
a5 9. Be2 a4 10. Qd1 c6 11. Nh4 Bg6 12. Nxg6 hxg6 13. Bd2 f5 14. Bc3 Nf6 15. f3
Nh5 16. Kf2 f4 17. exf4 Nxf4 18. g3 Nh3+ 19. Kg2 g5 20. Qd2 Na6 21. Rae1 Kf7
22. f4 gxf4 23. Rhf1 dxc4 24. Bxc4 Nc7 25. Ba5 Rxa5 26. Qxa5 b5 27. Be2 Bd6 28.
Bg4 Qg5 29. Bxh3 Qh5 30. Bxe6+ Nxe6 31. Rf2 Qxh2+ 32. Kf1 Qh1+ 33. Ke2 Qe4+ 34.
Kd1 Qd3+ 35. Rd2 Qf3+ 36. Kc1 fxg3 37. d5 Nc7 38. dxc6 Bf4 39. Kb1 Qxc6 40. Rc2
Qb7 41. Qb4 Nd5 42. Qd4 Rd8 43. Qe4 Kg8 44. Ree2 Qf7 45. Re1 b4 46. Nb5 b3 47.
axb3 axb3 48. Rc5 Be3 49. Nd6 Nf6 50. Qxe3 Qg6+ 51. Nf5 Nd5 52. Qd3 g2 53. Rxd5
1-0

[Event "Kreuzberg2006"]
[Site "?"]
[Date "2006.07.16"]
[Round "9"]
[White "Jaeger, Andre"]
[Black "Jatzko, Reinhold"]
[Result "1-0"]
[WhiteElo "2120"]
[BlackElo "2032"]
[PlyCount "89"]

1. d4 g6 2. c4 Bg7 3. Nf3 d6 4. Nc3 e6 5. e4 Nd7 6. Bg5 f6 7. Be3 Nh6 8. h3 O-O
9. Qd2 Nf7 10. Be2 Re8 11. O-O e5 12. Qc2 Nf8 13. Rfd1 Ne6 14. dxe5 fxe5 15. c5
Qe7 16. Nd5 Qf8 17. Nxc7 Nxc7 18. cxd6 Ne6 19. d7 Rd8 20. dxc8=Q Rdxc8 21. Qb3
Qe7 22. Bc4 Ned8 23. Ng5 Kf8 24. Nxf7 Nxf7 25. Bxf7 Qxf7 26. Qxf7+ Kxf7 27.
Rd7+ Kg8 28. Rxb7 a6 29. Rd1 Rd8 30. Rxd8+ Rxd8 31. Rb6 Ra8 32. b3 Kf7 33. Rb7+
Kg8 34. Ra7 Rxa7 35. Bxa7 Kf7 36. Kf1 Ke6 37. Ke2 Kd6 38. Kd3 Kc6 39. Kc4 Kb7
40. Be3 Kc6 41. b4 Bf8 42. a4 Bd6 43. b5+ Kb7 44. Bc5 Bc7 45. Kd5 1-0

[Event "Kreuzberg2006"]
[Site "?"]
[Date "2006.07.16"]
[Round "9"]
[White "Krasnici, Hasan"]
[Black "Schoenberger, Kay"]
[Result "1/2-1/2"]
[WhiteElo "2230"]
[BlackElo "1937"]
[PlyCount "128"]

1. e4 c5 2. Nf3 d6 3. d4 cxd4 4. Nxd4 Nf6 5. Nc3 a6 6. Bc4 e6 7. Bb3 Be7 8. Be3
O-O 9. f3 Nc6 10. g4 Na5 11. Qd2 Nxb3 12. Nxb3 b5 13. O-O-O Bd7 14. g5 Nh5 15.
f4 b4 16. Ne2 a5 17. Kb1 g6 18. Ng3 Ng7 19. h4 Qc7 20. h5 Rfc8 21. hxg6 fxg6
22. Rh2 a4 23. Nc1 a3 24. b3 Qc3 25. Nd3 e5 26. Qxc3 bxc3 27. fxe5 Bg4 28. Rdh1
Nh5 29. Nxh5 Bxh5 30. exd6 Bxd6 31. e5 Bf8 32. Rf2 Bg4 33. Rh4 Bf5 34. Rff4
Bxd3 35. cxd3 c2+ 36. Kc1 Rc3 37. Rc4 Rxd3 38. Bd2 Rad8 39. Rh2 Bg7 40. Rc5
R3d5 41. Rxd5 Rxd5 42. Kxc2 Bxe5 43. Rg2 Bd6 44. b4 Be7 45. Rg3 Kf7 46. Kc3
Bxb4+ 47. Kxb4 Rxd2 48. Kxa3 h5 49. gxh6 Rh2 50. Kb3 Rxh6 51. a4 Kf6 52. a5 Kf5
53. Kb4 g5 54. Kb5 Kf4 55. Ra3 g4 56. a6 Rxa6 57. Kxa6 g3 58. Kb5 g2 59. Ra1
Kf3 60. Kc4 Kf2 61. Ra2+ Kf1 62. Kd3 g1=Q 63. Ra1+ Kg2 64. Rxg1+ Kxg1 1/2-1/2

[Event "Kreuzberg2006"]
[Site "?"]
[Date "2006.07.16"]
[Round "9"]
[White "Sechting, Martin"]
[Black "Pott, Stefan"]
[Result "0-1"]
[WhiteElo "2107"]
[BlackElo "1872"]
[PlyCount "142"]

1. d4 Nf6 2. c4 d6 3. Nc3 g6 4. e4 Bg7 5. f4 O-O 6. Nf3 Na6 7. Bd3 e5 8. fxe5
dxe5 9. d5 Nc5 10. Bc2 Nh5 11. Be3 Qe7 12. b4 Nxe4 13. Nxe4 Qxb4+ 14. Nfd2 b6
15. a3 Qe7 16. Nf3 Nf4 17. O-O f5 18. d6 cxd6 19. Nfg5 Bb7 20. Qxd6 Qxd6 21.
Nxd6 Bxg2 {(=)} 22. Bxf4 Bxf1 23. Rxf1 exf4 24. Ne6 Be5 25. Nxf8 Kxf8 26. c5
Bd4+ 27. Kg2 Bxc5 28. Nc4 Re8 29. Bd3 b5 30. Na5 a6 31. a4 bxa4 32. Rxf4 a3 33.
Nb3 Be7 34. Ra4 Rb8 35. Bc2 Rb6 36. Rc4 Bb4 37. Bb1 a5 38. Ba2 Rd6 39. Nd4 Kg7
40. Rc7+ Kh6 41. Nf3 Rd8 42. h4 Re8 43. Ng5 Kh5 44. Ne6 Re7 45. Rc2 Kxh4 46.
Kf3 Bd6 47. Rc1 Rxe6 48. Bxe6 Kg5 49. Ba2 Bb4 50. Rc6 Kh6 51. Rc7 g5 52. Rc6+
Kg7 53. Bb1 h5 54. Rb6 h4 55. Rb5 g4+ 56. Kf4 h3 57. Kxf5 h2 58. Rb7+ Kf8 59.
Rb8+ Ke7 60. Rb7+ Kd6 61. Rb6+ Kc7 62. Rh6 g3 63. Rh7+ Kb6 64. Rh6+ Kc5 65. Be4
a2 66. Rc6+ Kd4 67. Rc1 Bc3 68. Rd1+ Kc5 69. Rd3 a1=Q 70. Rxg3 h1=Q 71. Rg4
Qh7+ 0-1

[Event "Kreuzberg2006"]
[Site "?"]
[Date "2006.07.16"]
[Round "9"]
[White "Knopf, Roland"]
[Black "Dzubasz, Tino"]
[Result "1/2-1/2"]
[WhiteElo "1921"]
[BlackElo "2106"]
[PlyCount "52"]

1. d4 c5 2. d5 e6 3. Nc3 Nf6 4. e4 exd5 5. exd5 d6 6. Bb5+ Nbd7 7. a4 a6 8. Be2
Be7 9. Nf3 O-O 10. O-O Re8 11. h3 Nf8 12. a5 b5 13. axb6 Qxb6 14. Nd2 Bd7 15.
Nc4 Qc7 16. Bf4 Ng6 17. Bd2 Bf8 18. Bd3 Ne7 19. Ne3 Qb7 20. Qf3 Ng6 21. Bxg6
hxg6 22. b3 Nh7 23. Rfe1 {(=)} Bb5 24. Nxb5 axb5 25. Bc3 Ng5 26. Qf4 f6 1/2-1/2